Papeles recortados

I tiakina i:
Ngā taipitopito rārangi puna kōrero
Kaituhi matua: Coloane, Francisco (Author)
Hōputu: Pukapuka
Reo:Pāniora
I whakaputaina: Santiago LOM 2004
Putanga:1a. ed
Rangatū:Colección Narrativa
Ngā marau:
Ngā Tūtohu: Tāpirihia he Tūtohu
Kāore He Tūtohu, Me noho koe te mea tuatahi ki te tūtohu i tēnei pūkete!

MARC

LEADER 00000nam a2200000 a 4500
001 UCK7044
003 CL-VaPUC
008 051028e20040000CL |||||||||||||||||spa|d
020 |a 9562826848 
082 0 4 |a Ch863  |b COL  |2 21 
100 0 |a Coloane, Francisco  |e author  |9 345716 
245 1 0 |a Papeles recortados 
250 |a 1a. ed 
300 |a 197 p 
942 |c BK 
945 |d 20051028 00:00:00  |a jcarroza 
260 |a Santiago  |b LOM  |c 2004 
650 0 |a Novelas chilenas   |9 265425 
650 0 |a Literatura chilena   |9 308278 
583 |a last modification  |c 20051028 00:00:00  |k Rodrigo Vera 
490 0 |a Colección Narrativa 
999 |c 315137  |d 315135 
952 |0 0  |1 0  |4 0  |6 CH_863_000000000000000_COL_2004  |7 0  |8 A  |9 388091  |a FDOPOS  |b FDOPOS  |d 2019-11-22  |i 4178025  |o Ch863 COL 2004  |p 4178025  |r 2025-01-22  |w 2019-11-22  |y BK  |k MLH